Statistics for Stephen King Movies

Click here to take the quiz!

General Stats

  • This quiz has been taken 1,473 times
  • The average score is 8 of 13

Answer Stats

HintAnswer% Correct
Evil takes form as a clown.It
98%
Telekinetic girl who gets her revenge at the prom.Carrie
93%
Psychic kid in a haunted hotel.The Shining
88%
Obsessed fan kidnaps and tortues her favorite author.Misery
86%
Prison gards meet a prisoner with extraordinary abilities.The Green Mile
78%
Children set out to find a dead body.Stand By Me
75%
Prison Escape.Shawshank Redemption
63%
Vampires in a small town.Salem's Lot
62%
Small town is placed under a glass dome.Under the Dome
60%
Plague wipes out most people and the survivors are divided into two sides.The Stand
54%
Man with writers block heads to a lake house after his wife's death.Bag of Bones
19%
Group of psychic investingate a sprawling haunted mansion.Rose Red
16%
"Give me what I want and I'll go away"Storm of the Century
12%

Score Distribution

Percentile by Number Answered

Percent of People with Each Score

Your Score History

You have not taken this quiz